| 000 | 00415nam a22001697a 4500 | ||
|---|---|---|---|
| 003 | NUST - PNEC | ||
| 005 | 20170116180930.0 | ||
| 008 | 150905b xxu||||| |||| 00| 0 eng d | ||
| 020 | _a- | ||
| 040 | _cLIBRARY | ||
| 082 | _a621..31042 NAG | ||
| 100 |
_98214 _aNagrath, I.J |
||
| 245 |
_aElectric mechines _cI J Nagrath |
||
| 250 | _a2nd ed. | ||
| 650 |
_98218 _aMechnical engineering _xME , EE |
||
| 942 |
_2ddc _cBK |
||
| 999 |
_c65891 _d65891 |
||